| 000 | 02136nam a22002777a 4500 | ||
|---|---|---|---|
| 999 |
_c62355 _d62355 |
||
| 003 | Ge_BSU | ||
| 005 | 20241009091653.0 | ||
| 008 | 241008s2024 ge ||||| |||| 00| 0 geo d | ||
| 020 | _a9789941869815 | ||
| 041 | _ageo | ||
| 080 | _a792(479.22)(09) ჩ-95 | ||
| 100 |
_aჩხარტიშვილი, ლაშა _923361 |
||
| 245 |
_aერეკლე მეორის ეპოქის თეატრი = Theatre of the Epoch of Erekle II / _cტექსტის ავტორი ლაშა ჩხარტიშვილი ; რედაქტორები: გიორგი კალანდია, მარიკა მამაცაშვილი ; თარგმანი სოფო კომახიძე ; მხატვარი მამუკა ცეცხლაძე ; კონცეფცია, ფოტო, დიზაინი ირინა აბჟანდაძე. |
||
| 264 |
_aთბილისი : _bთანამედროვე ქართული თეატრის კვლევის ცენტრი, _c 2024. |
||
| 300 |
_a220 გვ. : _bფოტ., ილ. ; _c27 სმ. |
||
| 500 | _aპროექტი დაფინანსებულია საქართველოს კულტურისა და სპორტის სამინისტროს მიერ. | ||
| 501 | _aტექსტი ქართულ და ინგლისურ ენებზე | ||
| 504 | _aბიბლიოგრაფია: გვ. 210-215. | ||
| 700 |
_aკალანდია, გიორგი _eრედაქტორი. _919700 |
||
| 700 |
_aმამაცაშვილი, მარიკა _eრედაქტორი _923362 |
||
| 700 |
_aკომახიძე, სოფო _e მთარგმნელი _923363 |
||
| 700 |
_aცეცხლაძე, მამუკა, _eმხატვარი. _923364 |
||
| 700 |
_aაბჟანდაძე, ირინა _eფოტო, დიზაინერი. _923365 |
||
| 773 | _tნაჩუქარი | ||
| 942 |
_2udc _cᲬᲘᲒᲜᲘ |
||